Les restaurants, les magasins et loisisrs / La santé, la météo et .. - Statistiques

Statistiques générales
  • Ce quiz a été pris 22 fois
  • Le résultat moyen est 14 sur 29
Statistiques - réponses
Hint Réponse % Correct
Price tag Étiquette de prix
76%
Waiter Serveur
76%
Beverage Boisson
71%
Suit Costume
71%
To dine Dîner
71%
Waitress Serveuse
71%
Appetizer Apérifif
65%
Mall Centre commercial
65%
Starter Entrée
65%
Junkfood Mal bouffe
65%
Parking lot Terrain de stationnement
65%
Groceries Courses, provisions
59%
Organic Biologique
53%
Cash desk Caisse
53%
Medication Médicament, traitement
53%
Sweater Pull-over, pull
53%
Carbon footprint Empreinte carbone
47%
Shopper Client, cliente
41%
Pavement Chausée
35%
Fossil fuel Combustibles fossiles
35%
Main course Plat principal
35%
Global warming Réchauffement climatique
35%
Shelf Étagère
29%
(To) Fog Brouillard
24%
Filling Remplissage
24%
(To) Flood Inonder
12%
Package tour Voyage à forfait
12%
Fitness Forme physique
6%
Physician Médecin
6%
Aucun quiz correspondant
Distribution des résultats
% des personnes avec chaque résultat
Percentile par nombre de réponses
Votre historique - résultats
Vous n’avez pas pris ce quiz